| 000 | 00696cam a2200217 4500 | ||
|---|---|---|---|
| 001 | WB3728-05 | ||
| 008 | 010719n2001 000 0 eng u | ||
| 035 | _a(Sirsi) u113703 | ||
| 245 | _aNHS' Procure 21 goes live | ||
| 260 | _c2001 | ||
| 490 |
_aBuilding _v266(8193) 13 July 2001, 15(1) |
||
| 520 | _aThe NHS has started asking for tenders for its planned public-private partnership pilot contracts, using NHS Estates' new procurement system, Procure 21. | ||
| 590 | _aWB | ||
| 650 | _aPUBLIC PRIVATE PARTNERSHIPS | ||
| 650 | _aPRIVATE SECTOR | ||
| 650 | _aNATIONAL HEALTH SERVICE | ||
| 650 | _aHEALTH SECTOR | ||
| 650 | _aNHS ESTATES | ||
| 690 |
_aProcurement _96260 |
||
| 942 | _n0 | ||
| 999 |
_c67743 _d67743 |
||